书目信息 |
| 题名: |
现代交换原理与设备
|
|
| 作者: | 张中荃 主编 | |
| 分册: | ||
| 出版信息: | 北京 机械工业出版社 2025.06 |
|
| 页数: | 220页 | |
| 开本: | 26cm | |
| 丛书名: | ||
| 单 册: | ||
| 中图分类: | TN91 | |
| 科图分类: | ||
| 主题词: | 通信交换--tong xin jiao huan , 通信交换设备--tong xin jiao huan she bei | |
| 电子资源: | ||
| ISBN: | 978-7-111-78215-5 | |
| 000 | 00960nam0 2200277 450 | |
| 001 | 91932 | |
| 005 | 20250817155822.75 | |
| 010 | @a978-7-111-78215-5@dCNY59.00 | |
| 100 | @a20250617d2025 em y0chiy50 ea | |
| 101 | 0 | @achi |
| 102 | @aCN@b110000 | |
| 105 | @aak a 000yy | |
| 106 | @ar | |
| 200 | 1 | @a现代交换原理与设备@Axian dai jiao huan yuan li yu she bei@f主编张中荃 |
| 210 | @a北京@c机械工业出版社@d2025.06 | |
| 215 | @a220页@c图@d26cm | |
| 312 | @a英文题名取自封面 | |
| 320 | @a有书目 (第220页) | |
| 330 | @a本书内容共7章, 包括: 交换技术与通信网、程控交换原理、ATM交换原理, 多协议标记交换、IP多媒体子系统、典型程控交换设备和典型IMS交换设备。 | |
| 510 | 1 | @aModern exchange principles and equipment@zeng |
| 606 | 0 | @a通信交换@Atong xin jiao huan |
| 606 | 0 | @a通信交换设备@Atong xin jiao huan she bei |
| 690 | @aTN91@v5 | |
| 701 | 0 | @a张中荃@Azhang zhong quan@4主编 |
| 801 | 0 | @aCN@c20250909 |
| 905 | @a河南城建学院图书馆@dTN91@eZ250@f1 | |
| 现代交换原理与设备/主编张中荃.-北京:机械工业出版社,2025.06 |
| 220页:图;26cm |
| ISBN 978-7-111-78215-5:CNY59.00 |
| 本书内容共7章, 包括: 交换技术与通信网、程控交换原理、ATM交换原理, 多协议标记交换、IP多媒体子系统、典型程控交换设备和典型IMS交换设备。 |
| ● |
| 相关链接 |
|
|
|
正题名:现代交换原理与设备
索取号:TN91/Z250
 
预约/预借
| 序号 | 登录号 | 条形码 | 馆藏地/架位号 | 状态 | 备注 |
| 1 | 1625896 | 216258966 | 自科库301/301自科库 33排4列2层/ [索取号:TN91/Z250] | 在馆 |